Football Quiz - Statistics

General Stats
  • This quiz has been taken 20 times
  • The average score is 6 of 8
Answer Stats
Question Answer % Correct
Which is the most popular sport in the world. football
100%
Which national football team won the last world cup Argentina
94%
Which football club is based in spain Atletico Madrid
88%
Whats the English top league in football. Premier league
88%
How many National football teams are in the UK 4
82%
What colours are the 2025/26 Champions league football white and dark blue
71%
Thanks for playing here’s a free answer (: the answer is… MESSI! MESSI
59%
What’s Footballs Best player rivalry right now Ronaldo v Messi
41%
No matching quizzes found
Score Distribution
Percent of People with Each Score
Percentile by Number Answered
Your Score History
You have not taken this quiz